• 首页
  • 本馆介绍
  • 公告通知
  • 最新文献
  • 馆藏检索
  • 电子资源
  • 读者导购
  • 参考咨询
  • 我的图书馆
  • 登录
  • 详细信息显示
  • 放入我的书架
  • 预约/预借图书
  • 作者相关作品
  • 分类相关作品
  • 丛书相关作品
  • 出版社相关作品

书目信息

  • 表格格式
  • 工作单格式
  • 卡片格式
题名:
家园与天下
    
 
作者: 何予明 著
分册:  
出版信息: 北京   中华书局  2019
页数: 334页
开本: 24cm
丛书名:
单 册:
中图分类: G256.1 , K248.03
科图分类:
主题词: 古籍--gu ji--图书史--中国--明代 , 文化史--wen hua shi--中国--明代
电子资源:
ISBN: 978-7-101-13997-6
000 01285nam0 2200289 450
001 2131058485
005 20211029202829.0
010    @a978-7-101-13997-6@dCNY78.00
100    @a20191029d2019 em y0chiy0120 ea
101 1  @achi@ceng
102    @aCN@b110000
105    @aa z 000yy
106    @ar
200 1  @a家园与天下@Ajia yuan yu tian xia@e明代书文化与寻常阅读@f何予明著/译
210    @a北京@c中华书局@d2019
215    @a334页@c图@d24cm
312    @a版权页英文题名:Home and the world: editing the "Glorious Ming" in woodblock-printed books of the sixteenth and seventeenth centuries
330    @a本书分为四章,讨论明人借助书籍(特别是版刻书籍)所创造的行于天下的知识和文化形态,以及这些文化形态成为家常须知的生产消费过程。换言之,即是明人通过创造自己的阅读生活而将个人、居家生活与天下相连接的技巧。
510 1  @aHome and the world@eediting the "Glorious Ming" in woodblock-printed books of the sixteenth and seventeenth centuries@zeng
517 1  @a明代书文化与寻常阅读@Aming dai shu wen hua yu xin chang yue du
606 0  @a古籍@Agu ji@x图书史@y中国@z明代
606 0  @a文化史@Awen hua shi@y中国@z明代
690    @aG256.1@v5
690    @aK248.03@v5
701  0 @a何予明@Ahe yu ming@4著@4译
801  0 @aCN@b百万庄@c20211029
905    @b1313575-78@dG256.1@e118@f4
    
    家园与天下:明代书文化与寻常阅读/何予明著/译.-北京:中华书局,2019
    334页:图;24cm
    
    
    ISBN 978-7-101-13997-6:CNY78.00
    本书分为四章,讨论明人借助书籍(特别是版刻书籍)所创造的行于天下的知识和文化形态,以及这些文化形态成为家常须知的生产消费过程。换言之,即是明人通过创造自己的阅读生活而将个人、居家生活与天下相连接的技巧。
●
相关链接 在E读中查询图书 在五车中查询图书 在当当中查询图书 在豆瓣中查询图书


正题名:家园与天下     索取号:G256.1/118         预约/预借

序号 登录号 条形码 馆藏地/架位号 状态 备注
1 1313575   213135757   第一样本阅览室/ [索取号:G256.1/118] 在馆    
2 1313576   213135766   第四借阅区/ [索取号:G256.1/118] 在馆    
3 1313577   213135775   第四借阅区/ [索取号:G256.1/118] 在馆    
4 1313578   213135784   第四借阅区/ [索取号:G256.1/118] 在馆    
唐山师范学院图书馆 欢迎您!
大连网信软件有限公司© 版权所有